000 00689nam a2200193 a 4500
001 000041010
005 20201002034540.0
008 130913s2000 sp 000 0 spa d
020 _a840007971X
040 _aDO-SdBNP
_bspa
_cBNPHU
100 1 _aOchoa, Severo
_967466
245 1 0 _aBase molecular de la expresión del mensaje genético /
_cSevero Ochoa.
260 _aMadrid :
_bConsejo Superior de Investigación Científicas,
_c2000.
300 _a219 p. ;
_c21 cm.
490 1 _aMonografías
_v20
504 _aIncluye referencias bibliográficas y notas al pie de las páginas
710 2 _aConsejo Superior de Investigación Científicas
_963831
830 0 _aMonografías
_v20
_915334
999 _c40500
_d40500